| 000 | 01485cac a2200253 a 4500 | ||
|---|---|---|---|
| 003 | Co-PeBPM | ||
| 005 | 20260326093706.0 | ||
| 008 | 231129s1989||||ck o||||||||||||| ||spa|| | ||
| 020 | _a8422607417 | ||
| 040 |
_aCo-PeBPM _bspa _cCo-PeBPM _erda |
||
| 041 | _aspa | ||
| 082 | 0 | 4 |
_a001.53 V583e _222 |
| 100 | 1 |
_aVester, Frederic _eautor |
|
| 245 | 1 | 0 |
_aLa edad cibernética _b: Nuevas dimensiones del pensamiento _c/ Frederic Vester; traducido por Luis Romero Haces |
| 264 |
_aBogotá, Colombia _b: Círculo de Lectores _c, 1989 |
||
| 300 |
_a393 páginas _b; fotos a blanco y negro _c; 20 centímetros |
||
| 500 | _aIncluye índice | ||
| 520 | 3 | _aLa Edad Cibernética marca una evolución donde la tecnología deja de ser un objeto externo para convertirse en una extensión de la mente, diluyendo la frontera entre lo físico y lo digital. Esta nueva dimensión del pensamiento se caracteriza por ser no lineal e hipervincular, rompiendo las estructuras tradicionales en favor de una inteligencia colectiva que se construye en red. En este escenario, la identidad se vuelve fluida y la toma de decisiones está mediada por algoritmos, obligándonos a redefinir nuestra autonomía y la forma en que procesamos la realidad en un entorno de interconexión permanente. | |
| 650 | 1 | 7 |
_aCibernética _2LEMB |
| 650 | 1 | 7 |
_aCiencias de la comunicación _2LEMB |
| 650 | 1 | 7 |
_aFilosofía _2LEMB |
| 700 | 1 |
_aRomero Haces, Luis _eTraducción |
|
| 942 |
_2ddc _cBK |
||
| 999 |
_c16904 _d16904 |
||